[Event "USA-ch Online Swiss 2400+"]
[Site "Chess.com INT"]
[Date "2020.11.29"]
[Round "4"]
[White "Szabo, Marcell"]
[Black "Ansh, M Shah"]
[Result "1-0"]
[WhiteElo "1895"]
[BlackElo "2096"]
[PlyCount "209"]
[EventDate "2020.11.29"]
[EventType "swiss (blitz)"]
[EventRounds "12"]
[EventCountry "USA"]
[SourceTitle "CBM 199 Extra"]
[Source "ChessBase"]
[SourceDate "2021.01.31"]
[SourceVersion "1"]
[SourceVersionDate "2021.01.31"]
[SourceQuality "1"]

1. e4 e6 2. d4 d5 3. exd5 exd5 4. c4 Nf6 5. Nc3 Bb4 6. Bd3 0-0 7. Nge2 dxc4 8. Bxc4 c5 9. a3 Bxc3+ 10. bxc3 Nc6 11. 0-0 Bg4 12. f3 Bf5 13. Bg5 Bg6 14. dxc5 Qa5 15. Be3 Rfe8 16. Bf2 Rad8 17. Qb3 Qc7 18. Qa4 Ne5 19. Bb5 Re7 20. Nf4 a6 21. Be2 Bf5 22. g4 Bd7 23. Qc2 Bc6 24. Bd4 Ng6 25. Nxg6 hxg6 26. Rad1 Nd5 27. Rd2 Rde8 28. Bd1 Ne3 29. Bxe3 Rxe3 30. Rd3 Bb5 31. c4 Rxd3 32. Qxd3 Qxc5+ 33. Rf2 Bxc4 34. Qd7 Qe7 35. Qxe7 Rxe7 36. Kg2 b5 37. Rd2 f6 38. Rd8+ Kf7 39. Ra8 Re6 40. Kg3 g5 41. h4 gxh4+ 42. Kxh4 Rb6 43. Bc2 g5+ 44. Kg3 b4 45. axb4 Rxb4 46. Bf5 Rb7 47. Rc8 Bd5 48. Rc5 Be6 49. Bxe6+ Kxe6 50. Rc6+ Kf7 51. Rxa6 Re7 52. Ra3 Kg6 53. f4 gxf4+ 54. Kxf4 Re5 55. Ra6 Rg5 56. Rb6 Rc5 57. Rb8 Ra5 58. Rg8+ Kf7 59. Rc8 Ra4+ 60. Kf5 Ra5+ 61. Kf4 Rg5 62. Rc7+ Kg6 63. Rc8 Ra5 64. Rg8+ Kf7 65. Rb8 Ke6 66. Kg3 Ra3+ 67. Kh4 Ke5 68. g5 fxg5+ 69. Kxg5 Rg3+ 70. Kh4 Rg7 71. Kh3 Kf4 72. Rf8+ Ke3 73. Kh4 Ke4 74. Kh5 Rg2 75. Kh4 Ke5 76. Kh3 Rg7 77. Rf2 Ke4 78. Kh4 Rh7+ 79. Kg5 Rg7+ 80. Kh6 Rg3 81. Rf8 Ke5 82. Kh5 Ke6 83. Kh4 Rg1 84. Rf2 Ke7 85. Kh3 Rg7 86. Re2+ Kf6 87. Rf2+ Ke5 88. Rf8 Ke4 89. Kh4 Rh7+ 90. Kg5 Rg7+ 91. Kf6 Rh7 92. Re8+ Kf3 93. Ra8 Rh4 94. Ra3+ Kg2 95. Kg5 Rh3 96. Ra2+ Kh1 97. Kg4 Rh2 98. Ra1+ Kg2 99. Ra3 Kf1 100. Kg3 Rg2+ 101. Kf3 Rf2+ 102. Ke3 Re2+ 103. Kd3 Rf2 104. Ra1+ Kg2 105. Ra7 1-0

[Event "USA-ch Online Swiss 2400+"]
[Site "Chess.com INT"]
[Date "2020.11.29"]
[Round "11"]
[White "Tanenbaum, Zachary Chen"]
[Black "Szabo, Marcell"]
[Result "1-0"]
[WhiteElo "2137"]
[BlackElo "1895"]
[PlyCount "113"]
[EventDate "2020.11.29"]
[EventType "swiss (blitz)"]
[EventRounds "12"]
[EventCountry "USA"]
[SourceTitle "CBM 199 Extra"]
[Source "ChessBase"]
[SourceDate "2021.01.31"]
[SourceVersion "1"]
[SourceVersionDate "2021.01.31"]
[SourceQuality "1"]

1. e4 Nf6 2. e5 Nd5 3. d4 d6 4. Nf3 g6 5. Bc4 Nb6 6. Bb3 Bg7 7. exd6 cxd6 8. 0-0 0-0 9. Re1 d5 10. Bg5 Re8 11. Qd2 Nc6 12. Bh6 Bg4 13. Bxg7 Kxg7 14. Ne5 Nxe5 15. dxe5 h5 16. Nc3 Be6 17. Rad1 Nc4 18. Bxc4 dxc4 19. Qf4 Qb6 20. b3 Rac8 21. Ne4 cxb3 22. cxb3 Qb4 23. g3 Bf5 24. Nd6 Qxe1+ 25. Rxe1 exd6 26. Qd4 dxe5 27. Rxe5 Rxe5 28. Qxe5+ Kg8 29. Kg2 a6 30. a3 Be6 31. b4 Bd7 32. Kf3 Bc6+ 33. Kf4 Re8 34. Qf6 Re6 35. Qd8+ Kg7 36. Qd4+ f6 37. h4 Re5 38. Qc4 Kf8 39. Qd4 Ke7 40. Qc4 Kd6 41. Qd3+ Ke6 42. Qxg6 Re2 43. Qg8+ Ke7 44. Qh7+ Ke6 45. f3 Re5 46. Qg8+ Ke7 47. g4 hxg4 48. Qg7+ Ke6 49. Qxg4+ Kf7 50. h5 Rg5 51. Qh4 Kg7 52. Ke3 Kh6 53. Qf4 f5 54. Qd6+ Kxh5 55. Kf4 Kh4 56. Qf6 Kh3 57. Qxg5 1-0

[Event "Titled Tuesday intern op 24th Nov"]
[Site "Chess.com INT"]
[Date "2020.11.24"]
[Round "6"]
[White "Saravana, Krishnan P"]
[Black "Szabo, Marcell"]
[Result "1-0"]
[WhiteElo "2312"]
[BlackElo "1895"]
[PlyCount "49"]
[EventDate "2020.11.24"]
[EventType "swiss (blitz)"]
[EventRounds "11"]
[EventCountry "USA"]
[SourceTitle "CBM 199 Extra"]
[Source "ChessBase"]
[SourceDate "2021.01.31"]
[SourceVersion "1"]
[SourceVersionDate "2021.01.31"]
[SourceQuality "1"]

1. e4 Nf6 2. e5 Nd5 3. Nc3 Nb6 4. d4 d6 5. exd6 exd6 6. a4 a5 7. Nf3 Be7 8. Bd3 0-0 9. h3 Bf6 10. 0-0 Nc6 11. Re1 h6 12. Qe2 Nb4 13. Ne4 Nxd3 14. Qxd3 Bf5 15. g4 Bg6 16. Bf4 d5 17. Nxf6+ Qxf6 18. Qd2 Nc4 19. Qc1 Bxc2 20. Ne5 Nd6 21. Nd7 Qxd4 22. Nxf8 Nc4 23. Qxc2 Qxf4 24. Qh7+ Kxf8 25. Qh8# 1-0